000 00437nab a22001457 4500
003 ES-SlBC
005 20210327223942.0
008 130710s2008 sp ||||| |||| 00| 0 spa d
040 _aES-SlBC
_bspa
041 _aspa
100 1 _aSantana M., Gustavo E.
_986734
245 1 0 _aSimón Rodríguez, el maestro
_cSantana M. Gustavo
773 0 _gAño 29, núm. 56/57, 2008/2010, págs. 119-140
_tAnthorpos
_wRev38
_x0254-1629
942 _2lcc
_cAR
999 _c423401
_d423401